The effect of duodenal secretin upon the secretion of insulin by the pancreas / (Record no. 112784)

MARC details
000 -LEADER
campo de control de longitud fija 00687nam a2200181 i 4500
001 - NÚMERO DE CONTROL
campo de control 112784
003 - IDENTIFICADOR DE NÚMERO DE CONTROL
campo de control ES-MaACL
005 - FECHA Y HORA DE LA ÚLTIMA TRANSACCIÓN
campo de control 20250816063139.0
008 - DATOS DE LONGITUD FIJA--INFORMACIÓN GENERAL
campo de control de longitud fija 061121s1928 xxu |||| | eng d
100 1# - ENTRADA PRINCIPAL--NOMBRE DE PERSONA
Nombre de persona Nóvoa Santos, Roberto,
Fechas asociadas al nombre 1885-1933
9 (RLIN) 86096
245 14 - MENCIÓN DEL TÍTULO
Título The effect of duodenal secretin upon the secretion of insulin by the pancreas /
Mención de responsabilidad, etc. Roberto Nóvoa Santos.
260 ## - PUBLICACIÓN, DISTRIBUCIÓN, ETC.
Lugar de publicación, distribución, etc. Los Angeles [California] :
Nombre del editor, distribuidor, etc. [s.n.],
Fecha de publicación, distribución, etc. 1928.
300 ## - DESCRIPCIÓN FÍSICA
Extensión 2 h. ;
Dimensiones 24 x 16 cm.
595 ## -
-- Trabajo publicado en: The Bulletin of the Association for the Study of Internal Secretion, v. XII, n. 2.
650 #4 - PUNTO DE ACCESO ADICIONAL DE MATERIA--TÉRMINO DE MATERIA
Término de materia o nombre geográfico como elemento de entrada Insulina.
9 (RLIN) 165141
852 ## - LOCALIZACIÓN
Ubicación ES-MaACL
Número de control de estantería 1798-F-19
Holdings
Estatus retirado Estado de pérdida Estado de daño No para préstamo Colección Biblioteca de origen Biblioteca actual Ubicación en estantería Fecha de adquisición Fuente de adquisición Total de préstamos Signatura topográfica completa Código de barras Visto por última vez Precio de reemplazo Tipo de ítem Koha
        Colección de folletos Biblioteca del Ateneo de Madrid Biblioteca del Ateneo de Madrid Depósito folletos 17/01/2008     1798-F-19 1117643 23/02/2023 23/02/2023 Folleto